Служба сбыта в российских компаниях: организация работы, финансирование, планирование результатов

Bibliographische Detailangaben
1. Verfasser: Смоляков А. В. Алексей Владимирович
Zusammenfassung:Исключено из фонда НТБ ТПУ
Sprache:Russisch
Veröffentlicht: Москва, Вершина, 2007
Format: MixedMaterials Buch
KOHA link:https://koha.lib.tpu.ru/cgi-bin/koha/opac-detail.pl?biblionumber=130190

MARC

LEADER 00000nam0a2200000 4500
001 130190
005 20231031133827.0
010 |a 5962602803 
035 |a (RuTPU)RU\TPU\book\140992 
090 |a 130190 
100 |a 20080131d2007 km y0rusy50 ca 
101 0 |a rus 
102 |a RU 
105 |a a z 000zy 
200 1 |a Служба сбыта в российских компаниях: организация работы, финансирование, планирование результатов  |f А. В. Смоляков 
210 |a Москва  |a СПб.  |c Вершина  |d 2007 
215 |a 264 с.  |c ил., табл. 
333 |a Исключено из фонда НТБ ТПУ 
686 |a У9(2)29-2  |v LBC/SL-A  |2 rubbk 
700 1 |a Смоляков  |b А. В.  |g Алексей Владимирович 
801 1 |a RU  |b 63413507  |c 20080131  |g PSBO 
801 2 |a RU  |b 63413507  |c 20211020  |g PSBO 
942 |c BK